00605nam a2200193 a 4500008004100000020001500041020001500056050001800071100001800089245005900107260005000166300001700216350000900233490004900242500004000291650001100331700001400342856005500356060316s2000 ||||||||||||||||| || u a0521632218 a0521635462 aB 430. A5 Ari aCrisp, Rodger10aAristotle: Nicomachean ethics cedited by Rodger Crisp aCambridge :bCambridge University Pressc2000 axlii, 213 p. a0.00 aCambridge texts in the history of philosophy aIncludes bibliographical references 0aETHICS aAristotle uhttp://www.loc.gov/catdir/toc/cam024/99036947.html